| 000 | 00510nam a2200145 4500 | ||
|---|---|---|---|
| 999 |
_c10580 _d10580 |
||
| 008 | 180906b ||||| |||| 00| 0 eng d | ||
| 022 | _a16565649 | ||
| 082 | _aDPer 303.405 H22 June -Sept 2016 v.12 n. 7-10 | ||
| 100 |
_930983 _aLabaco, Chester. |
||
| 245 |
_aAsus ROG spatha: _bgaming heavyweight/ _cChester Labaco. |
||
| 260 |
_bQuezon City: _aHardware Zone Phils. Corp., _c©June -Sept 2016. |
||
| 300 |
_av12 n8, page 56: _billustration; _c28 cm. |
||
| 650 | 0 |
_930984 _aComputer peripherals. |
|
| 942 |
_2ddc _cPER |
||